Normal view
MARC view
- Electricale (Power) Engineering-Project Report
Entry Topical Term
001 - CONTROL NUMBER
- control field: 34378
003 - CONTROL NUMBER IDENTIFIER
- control field: NUST
005 - DATE AND TIME OF LATEST TRANSACTION
- control field: 20201022094606.0
008 - FIXED-LENGTH DATA ELEMENTS
- fixed length control field: 201022|| aca||aabn | a|a d
040 ## - CATALOGING SOURCE
- Original cataloging agency: NUST
- Transcribing agency: NUST
150 ## - HEADING--TOPICAL TERM
- Topical term or geographic name entry element: Electricale (Power) Engineering-Project Report
670 ## - SOURCE DATA FOUND
- Source citation: Work cat.: (NUST): Muhammad Burhan Qamar, 34377, Design of Variable Frequency Drive with Vector Control , 2013.
